<?xml version="1.0" encoding="UTF-8"?>
<record
    xmlns:xsi="http://www.w3.org/2001/XMLSchema-instance"
    xsi:schemaLocation="http://www.loc.gov/MARC21/slim http://www.loc.gov/standards/marcxml/schema/MARC21slim.xsd"
    xmlns="http://www.loc.gov/MARC21/slim">

  <leader>01030nam a22001935i 4500</leader>
  <controlfield tag="001">166547</controlfield>
  <controlfield tag="003">ES-MaACL</controlfield>
  <controlfield tag="005">20250730063147.0</controlfield>
  <controlfield tag="008">960529s1795    sp           |||| | spa d</controlfield>
  <datafield tag="040" ind1=" " ind2=" ">
    <subfield code="a">CAV </subfield>
    <subfield code="b">spa </subfield>
    <subfield code="c">CCPB | SIC</subfield>
  </datafield>
  <datafield tag="100" ind1="1" ind2=" ">
    <subfield code="a">Torres Villarroel, Diego de, </subfield>
    <subfield code="d">1693-1770</subfield>
    <subfield code="9">111026</subfield>
  </datafield>
  <datafield tag="245" ind1="1" ind2="0">
    <subfield code="a">Juguetes de Talia, entretenimientos del numen </subfield>
    <subfield code="b">: varias poesias que &#xE1; diferentes asuntos / </subfield>
    <subfield code="c">escribi&#xF3;... Diego de Torres Villarroel... ; tomo VII.</subfield>
  </datafield>
  <datafield tag="260" ind1=" " ind2=" ">
    <subfield code="a">Madrid : </subfield>
    <subfield code="b">en la imprenta de la viuda de Ibarra, </subfield>
    <subfield code="c">1795.</subfield>
  </datafield>
  <datafield tag="300" ind1=" " ind2=" ">
    <subfield code="a">[10], 329, [2] p. ; </subfield>
    <subfield code="c">8\po\s.</subfield>
  </datafield>
  <datafield tag="596" ind1=" " ind2=" ">
    <subfield code="a">Marca tip. en port.</subfield>
  </datafield>
  <datafield tag="597" ind1=" " ind2=" ">
    <subfield code="a">Sign.:A-X8, Y3.</subfield>
  </datafield>
  <datafield tag="852" ind1=" " ind2=" ">
    <subfield code="a">ES-MaACL</subfield>
    <subfield code="j">R-2207-21     </subfield>
    <subfield code="z">-- Enc. pasta espa&#xF1;ola     </subfield>
    <subfield code="z">-- Las &#xFA;ltimas [2] pp., deben ir numeradas en romanos y est&#xE1;n m&#xE1;l enc. como indican los reclamos. Tienen que ir enc. entre los prelim. y el texto. En este ejemp. tambi&#xE9;n est&#xE1;n mal enc.     </subfield>
    <subfield code="x">-- Edic.: seg&#xFA;n Palau, es el T. VII de la segunda ed. de las "Obras"Olim: C-31414-28.</subfield>
  </datafield>
  <datafield tag="999" ind1=" " ind2=" ">
    <subfield code="c">166547</subfield>
    <subfield code="d">166547</subfield>
  </datafield>
  <datafield tag="952" ind1=" " ind2=" ">
    <subfield code="0">0</subfield>
    <subfield code="1">0</subfield>
    <subfield code="4">0</subfield>
    <subfield code="7">0</subfield>
    <subfield code="8">LIBXVIII</subfield>
    <subfield code="a">ATENEOM</subfield>
    <subfield code="b">ATENEOM</subfield>
    <subfield code="c">DEPO</subfield>
    <subfield code="d">2008-01-17</subfield>
    <subfield code="l">0</subfield>
    <subfield code="o">R-2207-21</subfield>
    <subfield code="p">1174677</subfield>
    <subfield code="r">2023-02-23 00:00:00</subfield>
    <subfield code="w">2023-02-23</subfield>
    <subfield code="y">MONANT</subfield>
  </datafield>
</record>
